Radiacions ionitzants : R.X. / documentalista: Vicenç Colomer i Torrell R.X. / documentalista:
Publicado:
Barcelona :
Diputació de Barcelona. Servei de Planificació de personal. Unitat de Salut Laboral, [1997?]
Descripción Física:
2 v. ; 29 cm
Otros Autores:
Colomer i Torrell, Vicenç
Materias:
Radiació ionitzant Raigs X
MARC
| LEADER | 00000nam a2200000Ia 4500 | ||
|---|---|---|---|
| 001 | 22345, 22346 | ||
| 008 | 160829s9999 xx 000 0 cat d | ||
| 080 | |a C-3-269, C-3-270 | ||
| 245 | |a Radiacions ionitzants : |b R.X. / documentalista: |b Vicenç Colomer i Torrell | ||
| 260 | |a Barcelona : |b Diputació de Barcelona. Servei de Planificació de personal. Unitat de Salut Laboral, [1997?] | ||
| 300 | |a 2 v. ; |c 29 cm | ||
| 650 | |a Radiació ionitzant Raigs X |9 42171 | ||
| 700 | |a Colomer i Torrell, Vicenç |9 42172 | ||
| 710 | 1 | |9 56171 |a Barcelona (Catalunya : Província). |b Servei de Planificació de Personal | |
| 901 | |a Arxiu | ||
| 942 | |n 1 |2 udc | ||
| 952 | |0 0 |1 0 |4 0 |6 C3269_C3270 |7 1 |9 50695 |a Arxiu |b Arxiu |d 2016-12-01 |l 0 |o C-3-269, C-3-270 |p 22345, 22346 |r 2016-12-01 00:00:00 |w 2016-12-01 |y ARXIU | ||
| 999 | |c 54537 |d 54537 | ||